• 首页
  • 本馆介绍
  • 公告通知
  • 最新文献
  • 馆藏检索
  • 电子资源
  • 读者导购
  • 参考咨询
  • 我的图书馆
  • 登录
  • 详细信息显示
  • 放入我的书架
  • 预约/预借图书
  • 作者相关作品
  • 分类相关作品
  • 丛书相关作品
  • 出版社相关作品

书目信息

  • 表格格式
  • 工作单格式
  • 卡片格式
题名:
从文献编目到信息资源组织
    
 
作者: 王松林 著
分册:  
出版信息: 北京   国家图书馆出版社  2010.08
页数: 16,275页
开本: 23cm
丛书名: 当代中国图书馆学研究文库
单 册:
中图分类: G254.3-53 , G203-53
科图分类:
主题词: 图书编目--文集 , 信息资源--资源管理--文集 , 图书编目 , 信息资源 , 资源管理
电子资源:
ISBN: 978-7-5013-3758-3
000 01262oam2 2200337 450
001 010040007184
005 20120619095505.92
010    @a978-7-5013-3758-3@dCNY62.00
100    @a20100810d2010 em y0chiy0110 ea
101 0  @achi
102    @aCN@b110000
105    @aak z 000yy
106    @ar
200 1  @a从文献编目到信息资源组织@9cong wen xian bian mu dao xin xi zi yuan zu zhi@f王松林著
210    @a北京@c国家图书馆出版社@d2010.08
215    @a16,275页@c图@d23cm
225 2  @a当代中国图书馆学研究文库
300    @a国家“十一五”重点图书出版规划项目 本书的出版,得到北京人天书店的经费资助
308    @a丛书第三辑
330    @a本书阐述了信息组织的概念以及信息组织与知识组织、主题编目等关系,探讨了信息组织的类型和工具。由于各种元数据方案是信息组织的重要工具,所以这部分还收集了作者有关各种元数据标准,尤其是各种现代元数据标准以及网络信息具体组织论文。
461  0 @12001 @a当代中国图书馆学研究文库@1701 0@a吴慰慈@4主编
606 0  @a图书编目@j文集
606 0  @a信息资源@x资源管理@j文集
606 0  @a图书编目
606 0  @a信息资源
606 0  @a资源管理
690    @aG254.3-53@v4
690    @aG203-53@v4
701  0 @a王松林@9wang song lin@f(1953~)@4著
801  0 @aCN@bRENTIAN@c20100810
905    @b540582-83@dG254.3-53@e116@f2
    
    从文献编目到信息资源组织/王松林著.-北京:国家图书馆出版社,2010.08
    16,275页:图;23cm.-(当代中国图书馆学研究文库)
    国家“十一五”重点图书出版规划项目 本书的出版,得到北京人天书店的经费资助
    
    ISBN 978-7-5013-3758-3:CNY62.00
    本书阐述了信息组织的概念以及信息组织与知识组织、主题编目等关系,探讨了信息组织的类型和工具。由于各种元数据方案是信息组织的重要工具,所以这部分还收集了作者有关各种元数据标准,尤其是各种现代元数据标准以及网络信息具体组织论文。
●
相关链接 在E读中查询图书 在五车中查询图书 在当当中查询图书 在豆瓣中查询图书


正题名:从文献编目到信息资源组织     索取号:G254.3-53/116         预约/预借

序号 登录号 条形码 馆藏地/架位号 状态 备注
1 540582   205405827   第一样本阅览室/ [索取号:G254.3-53/116] 在馆    
2 540583   205405836   第四借阅区/ [索取号:G254.3-53/116] 在馆    
唐山师范学院图书馆 欢迎您!
大连网信软件有限公司© 版权所有